000 00614nam a2200229Ia 4500
003 OSt
005 20220923212051.0
006 a|||||r|||| 00| 0
007 ta
008 220922b |||||||| |||| 00| 0 hin d
024 _a150,490
037 _cTextual
040 _aARTS
_cARTS
_bhin
041 _2hin
_ahin
082 _aC, 152K6
100 _aसेठ, जगतबिहारी
245 0 _aभौतिकी दीपिका
246 _aBhautikī dīpikā
260 _c1966
942 _hC, 152K6
_cTEXL
_2CC
999 _c306170
_d306170